Normal view MARC view
  • English language

Entry Topical Term

Number of records used in: 8

001 - CONTROL NUMBER

  • control field: 39128

003 - CONTROL NUMBER IDENTIFIER

  • control field: OSt

005 - DATE AND TIME OF LATEST TRANSACTION

  • control field: 20160121122800.0

008 - FIXED-LENGTH DATA ELEMENTS

  • fixed length control field: 160121|| aca||babn | a|a d

040 ## - CATALOGING SOURCE

  • Original cataloging agency: OSt

150 ## - HEADING--TOPICAL TERM

  • Topical term or geographic name as entry element: English language
  • General subdivision: Style

450 ## - SEE FROM TRACING--TOPICAL TERM

  • Topical term or geographic name entry element: English language
  • General subdivision: Metrics and rhythmics

450 ## - SEE FROM TRACING--TOPICAL TERM

  • Topical term or geographic name entry element: English literature
  • General subdivision: Style

550 ## - SEE ALSO FROM TRACING--TOPICAL TERM

  • Topical term or geographic name entry element: English language
  • General subdivision: Rhetoric